UEFA Euro 2012 - Teams - Statistics

General Stats
  • This quiz has been taken 93 times
  • The average score is 15 of 16
Answer Stats
Squadra % Correct
Spain
100%
Poland
99%
Sweden
99%
Ukraine
99%
Italy
98%
Netherlands
98%
Portugal
98%
Denmark
96%
England
96%
France
95%
Germany
95%
Russia
94%
Croatia
93%
Greece
93%
Ireland
89%
Czech Republic
83%
No matching quizzes found
Score Distribution
Percent of People with Each Score
Percentile by Number Answered
Your Score History
You have not taken this quiz